000 01864cam a22003731i 4500
003 SA-RiAUC
005 20241029084227.0
008 241028s1997 ku g b f00100 ara c
040 _aSA-RiAUC
_bara
_cSA-RiAUC
_erda
050 4 _bI28 1997
050 4 _bI26 1997
082 0 4 _a253.16
_qSA-RiAUC
090 _a253.16
_bا ب ن ت
100 1 _aابن تاج الدين الحنفي، أحمد بن إبراهيم بن خليل،
_d1007-1060 هجري
_eمؤلف.
245 1 0 _aأحكام المرضى /
_cأحمد بن إبراهيم بن خليل بن تاج الدين الحنفي الدمشقي التاجي ؛ حققه محمد سرور محمد مراد البلخي ؛ راجعه أحمد الحجي الكردي.
250 _aالطبعة الأولى.
264 1 _aالكويت :
_bوزارة الأوقاف والشؤون الإسلامية،
_c1997
300 _a416 صفحة ؛
_c24 سم
336 _aنص
_btxt
_2rdacontent
_3كتاب
337 _aبدون وسيط
_bn
_2rdamedia
338 _aمجلد
_bnc
_2rdacarrier
500 _aيشتمل على كشافات.
500 _aكشافات : صفحة 395-411.
504 _aيشتمل على إرجاعات ببليوجرافية.
650 7 _aالمرضى (فقه إسلامي)
_2aucsh
650 7 _aالفقه الإسلامي
_2aucsh
650 7 _aالأمراض (فقه إسلامي)
_2aucsh
650 7 _aالأحكام الشرعية
_2aucsh
700 1 2 _iتحقيق لـ (عمل) :
_aابن تاج الدين الحنفي، أحمد بن إبراهيم بن خليل،
_dتوفي 1060 هجري.
_tأحكام المرضى
700 1 _aالبلخي، محمد سرور محمد مراد
_eمحقق.
700 1 _aالكردي، أحمد الحجي،
_d1938-
_eمراجع.
942 _2ddc
_cBOOK
_n0
949 _aSA-JeALM
_d241028
_umohamedma123
_n1
999 _c1870
_d1870